|
|
|
|
| LEADER |
00756nam a2200205Ia 4500 |
| 001 |
CTU_234896 |
| 008 |
210402s9999 xx 000 0 und d |
| 020 |
|
|
|c 0
|
| 082 |
|
|
|a 960
|
| 082 |
|
|
|b Ngh305
|
| 245 |
|
0 |
|a Nghiên cứu Châu Phi và Trung Đông
|
| 245 |
|
0 |
|b Journal of africa and middle east studies
|
| 245 |
|
0 |
|c Viện Khoa học xã hội Việt Nam. Viện Nghiên cứu Châu Phi và Trung Đông
|
| 260 |
|
|
|a Hà Nội
|
| 260 |
|
|
|b Viện Khoa học xã hội Việt Nam. Viện Nghiên cứu Châu Phi và Trung Đông
|
| 260 |
|
|
|c 2018
|
| 650 |
|
|
|a Africa,Châu Phi
|
| 650 |
|
|
|x Civilization,Văn hóa
|
| 904 |
|
|
|i T.Trang
|
| 980 |
|
|
|a Trung tâm Học liệu Trường Đại học Cần Thơ
|